Competency-based module and a computer-controlled trainer board (Record no. 15920)
[ view plain ]
| 000 -LEADER | |
|---|---|
| fixed length control field | 00851nam a22002537a 4500 |
| 005 - DATE AND TIME OF LATEST TRANSACTION | |
| control field | 20220117143144.0 |
| 008 - FIXED-LENGTH DATA ELEMENTS--GENERAL INFORMATION | |
| fixed length control field | 201201b ||||| |||| 00| 0 eng d |
| 041 ## - LANGUAGE CODE | |
| Language code of text/sound track or separate title | eng |
| 043 ## - GEOGRAPHIC AREA CODE | |
| Geographic area code | a-ph--- |
| 050 14 - LIBRARY OF CONGRESS CALL NUMBER | |
| Classification number | TJ223 |
| Item number | .P76.P882 2019 |
| 100 ## - MAIN ENTRY--PERSONAL NAME | |
| Personal name | Prado, Eden S. |
| 245 ## - TITLE STATEMENT | |
| Title | Competency-based module and a computer-controlled trainer board |
| 260 ## - PUBLICATION, DISTRIBUTION, ETC. | |
| Date of publication, distribution, etc. | June 2019 |
| 300 ## - PHYSICAL DESCRIPTION | |
| Extent | 111 leaves : |
| Other physical details | illustrations ; |
| Dimensions | 28 cm |
| 336 ## - CONTENT TYPE | |
| Source | rda content |
| Content type term | text |
| 337 ## - MEDIA TYPE | |
| Source | rda media |
| Media type term | unmediated |
| 338 ## - CARRIER TYPE | |
| Source | rda carrier |
| Carrier type term | volume |
| 502 ## - DISSERTATION NOTE | |
| Dissertation note | Thesis |
| Degree type | Master of Arts in Teaching major in Technology and Livelihood Education |
| Name of granting institution | University of Rizal System-Morong |
| Year degree granted | 2019 |
| 650 #0 - SUBJECT ADDED ENTRY--TOPICAL TERM | |
| Topical term or geographic name entry element | Programmable controllers |
| 650 #0 - SUBJECT ADDED ENTRY--TOPICAL TERM | |
| Topical term or geographic name entry element | Logic circuits |
| 650 #0 - SUBJECT ADDED ENTRY--TOPICAL TERM | |
| Topical term or geographic name entry element | Programmable logic devices |
| 700 ## - ADDED ENTRY--PERSONAL NAME | |
| Personal name | Feliciano, Frederick R. |
| Relator term | degree supervisor |
| 942 ## - ADDED ENTRY ELEMENTS (KOHA) | |
| Source of classification or shelving scheme | Library of Congress Classification |
| Koha item type | Theses and dissertations |
| Withdrawn status | Source of classification or shelving scheme | Damaged status | Not for loan | Collection code | Home library | Current library | Date acquired | Total Checkouts | Full call number | Barcode | Date last seen | Copy number | Price effective from | Koha item type |
|---|---|---|---|---|---|---|---|---|---|---|---|---|---|---|
| Library of Congress Classification | Reference | Morong College Library | Morong College Library | 02/05/2021 | TJ223 .P76.P882 2019 | URSMOR-CL-005583 | 02/05/2021 | 1 | 04/07/2021 | Theses and dissertations | ||||
| Library of Congress Classification | Reference | Morong Graduate Library | Morong Graduate Library | 12/01/2020 | TJ223 .P76.P882 2019 | URSMOR-GL-00383 | 12/01/2020 | 1 | 04/07/2021 | Theses and dissertations |